| 000 | 00338nam a2200145Ia 4500 | ||
|---|---|---|---|
| 008 | 230917s9999||||xx |||||||||||||| ||und|| | ||
| 040 |
_e39588 _aMAIN |
||
| 041 | _aEnglish | ||
| 082 | _a658.4 G521M | ||
| 100 | _aGlueck, William F | ||
| 245 | 0 | _aManagement | |
| 260 |
_aillinois _bDryden _c1977 |
||
| 300 | _aviii, 690 p. | ||
| 942 | _cBK | ||
| 999 |
_c191020 _d191020 |
||